00520nam a2200157Ia 450000500170000000800410001702000150005808200210007310000150009424500880010926000480019726000630024530000180030865000190032665000170034520250117041022.0240331s9999 xx 000 0 und d a0521280028 bPAU22275a305.3 aRicoeur, P 0aHermeneutics and the Human Sciences:bEssays on language, action and interpretation aCambridgebCambridge University Pressc1981 aParisbEditions de la Maison des Sciences de l'Hommec1981 aviii, 315 p., aSocial Science aHermeneutics